Bilecik Bilecik Bilecik Bilecik Bilecik

Bir konargöçer imparatorluk : (Record no. 40823)

MARC details
000 -BAŞLIK
Sabit Uzunluktaki Kontrol Alanı 01258nam a22003857a 4500
001 - KONTROL NUMARASI
Control Dosyası 0040959
003 - KONTROL NUMARASI KİMLİĞİ
Kontrol Alanı KOHA_MİRAKIL
005 - EN SON İŞLEM TARİHİ ve ZAMANI
Kontrol Alanı 20260207003220.0
007 - FİZİKSEL TANIM SABİT ALAN - GENEL BİLGİ
Sabit uzunluklu kontrol alanı ta
008 - SABİT UZUNLUKTAKİ VERİ ÖGELERİ - GENEL BİLGİ
Sabit Alan 130730b2012 tu |||gr||||#||||0|tur |
020 ## - ISBN - ULUSLARARASI STANDART KİTAP NUMARASI
Isbn 9786051050966
040 ## - KATALOGLAMA KAYNAĞI
Özgün Kataloglama Kurumu TR-BiSEU
Kataloglama Dili tur
Çeviri Kurumu TR-BiSEU
Açıklama Kuralları rda
041 0# - DİL KODU
Metin ya da ses kaydının dil kodu tur
044 ## - YAYINLAYAN/ÜRETEN KURULUŞUN ÜLKE KODU
ISO country code tu
050 ## - SINIFLAMA ve YER NUMARASI
Sınıflama Numarası GN387
Yer Numarası .K37 2012
100 1# - KİŞİ ADI
Yazar Adı (Kişi adı) Kasaba, Reşat.
245 1# - ESER ADI BİLDİRİMİ
Başlık Bir konargöçer imparatorluk :
Alt Eseradı vb. Osmanlıda göçebeler, göçmenler ve sığınmacılar/
Sorumluluk Bildirimi Reşat Kasaba ; Reşat Kasaba ; çevirenAyla Ortaç.
264 #1 - ÜRERİM, YAYIN, DAĞITIM ve TELİF BİLDİRİMİ
Yayın yeri İstanbul :
Yayınlayan Kitap Yayınevi
Yayın tarihi 2012
300 ## - FİZİKSEL TANIMLAMA
Sayfa, Cilt vb. 197 sayfa ;
Boyutları 20 cm.
336 ## - İÇERİK TÜRÜ
Content type term metin
Content type code txt
Source rdacontent
337 ## - MEDYA TÜRÜ
Media type term aracısız
Media type code n
Source rdamedia
338 ## - TAŞIYICI TÜRÜ
Carrier type term cilt
Carrier type code nc
Source rdacarrier
490 1# - DİZİ BİLDİRİMİ
Dizi Bildirimi KitapYayınevi ;
Cilt Numarası 263.
490 1# - DİZİ BİLDİRİMİ
Dizi Bildirimi Tarih ve coğrafya dizisi ;
Cilt Numarası 78.
500 ## - GENEL NOT
Genel Not Özgün adı : A movable empire, Ottoman nodams, migrants, and refugees
500 ## - GENEL NOT
Genel Not Dizin var.
500 ## - GENEL NOT
Genel Not Kaynakça var.
650 #0 - KONU BAŞLIĞI EK GİRİŞ - KONU TERİMİ
Konusal terim veya coğrafi ad Göçmenler.
9 (RLIN) 75948
650 #0 - KONU BAŞLIĞI EK GİRİŞ - KONU TERİMİ
Konusal terim veya coğrafi ad Nomads.
9 (RLIN) 26749
650 #0 - KONU BAŞLIĞI EK GİRİŞ - KONU TERİMİ
Konusal terim veya coğrafi ad Göçmenler--Tarih.
9 (RLIN) 75949
650 #0 - KONU BAŞLIĞI EK GİRİŞ - KONU TERİMİ
Konusal terim veya coğrafi ad Nomads--History.
9 (RLIN) 75950
830 1# - SERİ EK GİRİŞİ - TEKBİÇİM ESER ADI
Tekbiçim Başlık KitapYayınevi ;
Volume number/sequential designation 263.
9 (RLIN) 75951
830 1# - SERİ EK GİRİŞİ - TEKBİÇİM ESER ADI
Tekbiçim Başlık Tarih ve coğrafya dizisi ;
Volume number/sequential designation 78.
9 (RLIN) 50940
942 ## - EK GİRİŞ ÖGELERİ (KOHA)
Source of classification or shelving scheme Library of Congress Classification
Koha item type Book
Holdings
Materyal Türü Kalıcı Konum Mevcut Konum Raf Yeri Sınıflandırma Kaynağı Edinim Bilgisi Ana Konular Alt Konular Yer Numarası Demirbaş Numarası Fatura Tarihi Maliyet, Alış Fiyatı Maliyet, Yenileme Fiyatı Geri Çekilme Durumu Kayıp Durumu Hasarlı Durumu Kredi için değil Kayıt Tarih Toplam Ödünçverme Son Görülme Tarihi Son Kontrol Tarihi Satın Alma Notu
Book Prof. Dr. Azmi Özcan Kütüphanesi Prof. Dr. Azmi Özcan Kütüphanesi Uluğbey Salonu Library of Congress Classification Satın COĞRAFYA, ANTROPOLOJİ, REKREASYON Antropoloji GN387 .K37 2012 0040959 24/09/2013 12.88 12.88         30/07/2013 2 05/12/2024 05/12/2024 73291-73383 (92 sayfa)